Largest USA Trading Partners - Statistics

General Stats
  • This quiz has been taken 270 times
  • The average score is 16 of 20
Answer Stats
Trade Per Mil. USD Countries % Correct
544,894 Canada
99%
578,588 China
98%
163,589 Germany
98%
77,706 France
97%
109,722 United Kingdom
97%
525,110 Mexico
96%
195,466 Japan
94%
56,473 Brazil
92%
67,687 India
90%
61,964 Italy
90%
112,198 South Korea
87%
56,529 Netherlands
76%
49,291 Belgium
72%
65,358 Taiwan
71%
52,260 Vietnam
69%
59,075 Switzerland
65%
40,066 Thailand
64%
55,060 Ireland
61%
44,669 Singapore
61%
48,554 Malaysia
58%
No matching quizzes found
Score Distribution
Percent of People with Each Score
Percentile by Number Answered
Your Score History
You have not taken this quiz